000 01497cad a22002655a 4500
001 L160097
008 100611s2009 xxk f 000 0 eng d
035 _a(Sirsi) u160097
041 0 _aeng
110 2 _aFederation International Des Geometres
111 2 _aFIG / World Bank Conference Washington DC, USA
_d9 - 10 March 2009
245 0 0 _aMeasures to enhance trust in land administration systems and enhance proper use
_h[electronic resource]
260 _aWashington
_bFIG
_c2009
520 _aDiscusses some of the ways in which land administration systems (LAS) can respond to inefficiencies in the land and property markets to make the markets more efficient. LAS can only perform the function of ensuring that fair, efficient and orderly land and property markets exist if there is good governance in land administration. This means that LAS must possess the capacity to regulate land and property markets and not be subject to corruption or capture by interested parties. The paper put forward some suggestions as to how good governance in LAS can be achieved.
521 _aAdvanced
590 _aKA
650 2 4 _aPROPERTY MARKET
650 2 4 _aLAND POLICY
650 2 4 _aLAND ADMINISTRATION
651 4 _aInternational
690 _aLand use
_96251
700 1 _aGrover, Richard
856 4 0 _uhttps://www.rics.org/Global/Downloads/RICS_FIG_Measures_to_Enhance_Trust_in_Land_Administration_Systems.pdf
_zView the conference paper free of charge at www.rics.org
942 _n0
999 _c116213
_d116213